000 00752nam a22002657a 4500
001 9709
003 FISKH
005 20260130093928.0
008 260130b cb ||||| |||| 00| 0 eng d
040 _aFISKH
_beng
_cFISKH
_dFISKH
050 _aPZ7
082 _a823
100 _aVulliamy, Clara
_eAuthor
245 _aBabybug :
_bKim and carrots /
_cby Clara Vuliamy
260 _aPeru :
_bCarus Publishing Company ,
_c1996
300 _a20 unnumbered pages :
_bcolor illustrations ;
_c18 cm
505 _aC
520 _aKim and Carrots February 2006 version.
521 8 _a100
_bLexile estimate
521 8 _aC
_bRaz-Plus
650 _aChildren picture book
_vPainting
650 _vBunny
_2Toys
942 _2ddc
_cBK
_n0
999 _c9709
_d9709